[Event "Aruba-ch"]
[Site "Oranjestad"]
[Date "2020.11.28"]
[Round "2"]
[White "Croes, Octavio"]
[Black "Ballestero, Aimara"]
[Result "1-0"]
[WhiteElo "1801"]
[BlackElo "1224"]
[PlyCount "41"]
[EventDate "2020.11.27"]
[EventType "tourn"]
[EventRounds "9"]
[EventCountry "ARN"]
[SourceTitle "CBM 199 Extra"]
[Source "ChessBase"]
[SourceDate "2021.01.31"]
[SourceVersion "1"]
[SourceVersionDate "2021.01.31"]
[SourceQuality "1"]

1. d4 d6 2. c4 g6 3. Nc3 Bg7 4. Nf3 Nf6 5. g3 Bg4 6. Bg2 0-0 7. e4 Bxf3 8. Bxf3 e5 9. Be3 Nbd7 10. Bg2 Re8 11. 0-0 Nb6 12. Qe2 Qe7 13. Rad1 Rad8 14. dxe5 Qxe5 15. Bd4 Qe7 16. a4 c5 17. Bxf6 Qxf6 18. a5 Nc8 19. Nd5 Rd7 20. Nxf6+ Bxf6 21. Bh3 1-0